00548cam a22001572 4500001001100000005001700011008004100028020002800069040001500097050002000112100003300132245011000165260005900275300002800334650002800362000000176120151021151053.0070326s xx 000 0 eng d a9966468161 :cKES 1,150 aKABUcKABU 0aHD31b.S24 20021 aSagimo, Peter O.@000015076610aManagement dynamics :btowards efficiency, effectiveness, competence and productivity /cPeter O. Sagimo. aNairobi :bEast African Educational Publishers,c2002. axviii, 494 p. ;c25 cm. 0aManagement.@0000083920